000 01104nam a2200313 cb4500
001 BV000212210
003 DE-604
005 20210716105126.0
007 t
008 870612s1982 |||| 00||| ger d
020 _a3404650468
_93-404-65046-8
035 _a(OCoLC)230617907
035 _a(DE-599)BVBBV000212210
040 _aDE-604
_bger
_cRU-10907106
041 0 _ager
100 1 _aGiskes, Hermann J.
_eVerfasser
_4aut
245 1 0 _aLondon ruft Nordpol
_b[das erfolgreiche Funkspiel der deutschen militärischen Abwehr]
_cH. J. Giskes
264 1 _aBergisch Gladbach
_bBastei Lübbe
_c1982
300 _a313 Seiten
336 _aText
_btxt
_2rdacontent
337 _aohne Hilfsmittel zu benutzen
_bn
_2rdamedia
338 _aBand
_bnc
_2rdacarrier
490 0 _aBastei-Lübbe-Taschenbuch
_v65046 : Zeitgeschichte
650 0 7 _aWeltkrieg
_g1939-1945
_0(DE-588)4079167-1
_2gnd
_9rswk-swf
650 0 7 _aFunkverkehr
_0(DE-588)4155702-5
_2gnd
_9rswk-swf
650 0 7 _aSpionageabwehr
_0(DE-588)4182342-4
_2gnd
_9rswk-swf
651 7 _aDeutschland
_0(DE-588)4011882-4
_2gnd
_9rswk-swf
942 _2z
_cMG
999 _c57186
_d57186